000 00391nam a22001697a 4500
005 20160630093327.0
008 160630b xxu||||| |||| 00| 0 eng d
020 _a978-81-7992-793-9
041 _aeng
082 _b10900
100 _aHawking, Stephen
_93022
245 _aThe theory of every thing
260 _bJaico
_c2010
300 _a124
650 _aManagement
_9241
942 _cBK
999 _c4810
_d4808